[Event "Politiken Cup"]
[Site "Helsingor DEN"]
[Date "2009.07.21"]
[Round "5"]
[White "Boje,T"]
[Black "Carstensen,J"]
[Result "0-1"]
[WhiteElo "2008"]
[BlackElo "2330"]
[EventDate "2009.07.18"]

1. e4 c5 2. Nc3 Nc6 3. g3 g6 4. Bg2 Bg7 5. d3 Rb8 6. Be3 d6 7. Qd2 b5 8.
Nge2 b4 9. Nd1 h5 10. d4 cxd4 11. Nxd4 Ne5 12. a3 Nc4 13. Qe2 Nxe3 14. Qxe3
Qb6 15. Nb3 Qxe3+ 16. fxe3 a6 17. Nd4 bxa3 18. Rxa3 h4 19. b3 Bb7 20. Nc3
hxg3 21. hxg3 Rxh1+ 22. Bxh1 Be5 23. g4 Nf6 24. Bf3 e6 25. Kd2 Nd7 26. Be2
Ra8 27. b4 Ke7 28. Ra1 Nf6 29. Ra2 Ne8 30. Ra1 Nc7 31. Ra2 Kd7 32. Ra1 Rh8
33. b5 Rh2 34. Rf1 f6 35. g5 f5 36. exf5 exf5 37. b6 Ne6 38. Nxe6 Kxe6 39.
Nd1 Rg2 40. Nf2 Rxg5 41. Nh3 Rg3 42. Nf4+ Kd7 43. Nd3 Bf6 44. Nf4 Bg5 45.
Ra1 Bxf4 46. exf4 Kc6 47. Bxa6 Kxb6 48. Bxb7 Kxb7 49. Ra4 Kc6 50. Rd4 Kc5
51. c3 Rg1 52. Ke3 Re1+ 53. Kf3 d5 54. Rd2 Rf1+ 55. Ke3 Rc1 56. Rd3 Rh1 57.
Kf2 Rh2+ 58. Kg3 Ra2 59. Kf3 Ra5 60. Rd4 Ra6 61. Rd2 Ra4 62. Rd3 Kd6 63.
Rd2 Rc4 64. Rd3 Rc8 65. Kf2 Ke6 66. Kf3 Rh8 67. Kg2 Rh4 68. Kg3 Rh1 69.
Re3+ Kf6 70. Rd3 Ke6 71. Re3+ Kd6 72. Rd3 Rc1 73. Kf3 Ke6 74. Re3+ Kd6 75.
Rd3 Rc2 76. Kg3 Kc5 77. Kf3 Rh2 78. Kg3 Re2 79. Kf3 Re4 80. Rd1 Rc4 81. Rd3
Kd6 82. Kg3 Ke6 83. Re3+ Re4 84. Rd3 g5 85. fxg5 Rg4+ 86. Kf3 Rxg5 87. Re3+
Kf6 88. Rd3 Rh5 89. Rxd5 Rh3+ 90. Kf4 Rh4+ 91. Kf3 Kg5 92. Kf2 Rh2+ 93. Kf1
Rc2 94. Rd3 Kg4 95. c4 Rxc4 96. Ra3 Rc2 97. Rb3 Rh2 98. Ra3 f4 99. Rb3 Rh1+
100. Kf2 Ra1 101. Rc3 Ra4 102. Rb3 Kf5 103. Kf3 Ra5 104. Kf2 Kg4 105. Kf1
Ra2 106. Rc3 Kf5 107. Rb3 Ke4 108. Rc3 Rd2 109. Ra3 Rd4 110. Rb3 Kf5 111.
Ra3 Kg4 112. Rb3 Rd2 113. Ra3 Kh4 114. Rb3 Rd8 115. Ra3 Rg8 116. Rb3 Rg3
117. Rb1 Kg4 118. Kf2 Rf3+ 119. Kg2 Ra3 120. Kf2 Ra2+ 121. Kf1 Kg3 122. Rb8
Ra1+ 123. Ke2 f3+ 124. Ke3 Re1+ 125. Kd2 f2 126. Rg8+ Kh4 127. Rh8+ Kg5
128. Rg8+ Kh6 129. Rh8+ Kg7 0-1

[Event "Politiken Cup"]
[Site "Helsingor DEN"]
[Date "2009.07.21"]
[Round "5"]
[White "Nielsen,Ni"]
[Black "Matthiesen,A"]
[Result "1-0"]
[WhiteElo "2145"]
[BlackElo "2324"]
[EventDate "2009.07.18"]

1. e4 e6 2. d4 d5 3. Nc3 Nf6 4. e5 Nfd7 5. f4 c5 6. Nf3 Nc6 7. Be3 a6 8.
Qd2 b5 9. a3 Bb7 10. Be2 Be7 11. O-O O-O 12. Rad1 Qc7 13. dxc5 Nxc5 14. f5
Ne4 15. Nxe4 dxe4 16. Nd4 Qxe5 17. fxe6 fxe6 18. Bg4 Rxf1+ 19. Rxf1 Nd8 20.
c3 Bf6 21. Qf2 Qd6 22. h4 Nc6 23. Nxe6 Ne5 24. Bh3 Re8 25. Nd4 Nd3 26. Qe2
g6 27. h5 Re5 28. hxg6 hxg6 29. Qg4 Kh7 30. Qd7+ Qxd7 31. Bxd7 Bg5 32. Bxg5
Rxg5 33. Rf7+ Kg8 34. Be6 Bd5 35. Rf5+ Bxe6 36. Rxg5 Bf7 37. b3 Kg7 38. a4
Kf6 39. Rg3 bxa4 40. bxa4 Nc5 41. a5 Nb7 42. Re3 Ke5 43. Nc6+ Kf4 44. Kf2
Nc5 45. g3+ Kf5 46. Nb4 Bc4 47. Re1 Bb5 48. Rd1 Ke6 49. Ke3 Nb3 50. Kxe4
Nxa5 51. Kf4 Nc4 52. Nd5 Nd6 53. Nc7+ Ke7 54. Nxb5 axb5 55. Rd5 Ke6 56. Rc5
Kd7 57. g4 Ke6 58. Re5+ Kf6 59. Rd5 Ke6 60. Rc5 Kf6 61. Rc6 g5+ 62. Ke3 Ke5
63. Rc5+ Kf6 64. Kd3 Nc4 65. Rxb5 Ne5+ 66. Rxe5 1-0

[Event "Politiken Cup"]
[Site "Helsingor DEN"]
[Date "2009.07.21"]
[Round "5"]
[White "Petersen,To1"]
[Black "Jensen,Mi"]
[Result "1/2-1/2"]
[WhiteElo "2310"]
[BlackElo "2044"]
[EventDate "2009.07.18"]

1. g3 f5 2. Bg2 Nf6 3. d3 g6 4. c4 Nc6 5. Nc3 Bg7 6. e3 e5 7. Nge2 O-O 8.
O-O d6 9. Bd2 g5 10. f4 h6 11. Nd5 Ne7 12. Nxf6+ Bxf6 13. Bc3 Ng6 14. d4
Qe7 15. Qd2 gxf4 16. exf4 e4 17. d5 Bd7 18. Rac1 h5 19. Bxf6 Qxf6 20. Qd4
Ne7 21. Rfd1 b6 22. Rc3 Qxd4+ 23. Nxd4 a5 24. Bf1 Kf7 25. Be2 Rh8 26. Kf2
h4 27. Kg2 Rag8 28. Rf1 Rh7 29. Rcc1 Rhg7 30. Rc3 Rh7 31. Rcc1 Rhg7 32. Rc3
1/2-1/2

[Event "Politiken Cup"]
[Site "Helsingor DEN"]
[Date "2009.07.21"]
[Round "5"]
[White "Carlstedt,J"]
[Black "Pallesen,Ja"]
[Result "1-0"]
[WhiteElo "2309"]
[BlackElo "2042"]
[EventDate "2009.07.18"]

1. c4 f5 2. g3 Nf6 3. Bg2 d6 4. Nc3 g6 5. e3 Bg7 6. Nge2 O-O 7. O-O c5 8.
d3 Nc6 9. a3 a6 10. Rb1 a5 11. Qc2 Qd7 12. Bd2 b6 13. Nf4 Bb7 14. Ncd5 Ra6
15. b4 axb4 16. axb4 cxb4 17. Bxb4 e6 18. Nxf6+ Bxf6 19. Nxe6 Rfa8 20. Nf4
Nxb4 21. Rxb4 Bxg2 22. Kxg2 Ra2 23. Qd1 Qc6+ 24. Nd5 Bd8 25. Qf3 Kg7 26. h4
Rc2 27. h5 Raa2 28. h6+ Kxh6 29. e4 Qd7 30. Nxb6 Bxb6 31. Rxb6 Qc7 32. Qe3+
g5 33. exf5 Re2 34. Qd4 1-0

[Event "Politiken Cup"]
[Site "Helsingor DEN"]
[Date "2009.07.21"]
[Round "5"]
[White "Korley,K"]
[Black "Bach,Mat"]
[Result "1/2-1/2"]
[WhiteElo "2143"]
[BlackElo "2307"]
[EventDate "2009.07.18"]

1. d4 Nf6 2. c4 c5 3. Nf3 cxd4 4. Nxd4 e5 5. Nb5 d5 6. cxd5 Bc5 7. N5c3 O-O
8. g3 Qb6 9. e3 Bg4 10. f3 Bh5 11. g4 Bxe3 12. gxh5 Bf2+ 13. Ke2 Bh4 14.
Be3 Qxb2+ 15. Qd2 Qxa1 16. Bg2 Rc8 17. Na4 b5 18. Na3 Qxh1 19. Bxh1 bxa4
20. Qb4 Nbd7 21. Qxh4 Rab8 22. Qxa4 Rb2+ 23. Bd2 Nc5 24. Qc4 Nxh5 25. Nc2
Rbb8 26. Nb4 Ne6 27. Nc6 Nd4+ 28. Kd3 Nxc6 29. dxc6 Nf4+ 30. Bxf4 exf4 31.
Kd4 Rb2 32. a4 Rxh2 33. Qa6 Rd8+ 34. Ke5 Rxh1 35. c7 Re8+ 36. Kxf4 Rc1 37.
Qd6 a5 38. Qd8 Kf8 39. Qd6+ Kg8 40. Qd8 Rf8 41. Ke3 Re1+ 42. Kd2 Ree8 43.
Qd7 Rc8 44. Kd3 h5 45. Ke4 g6 46. Kf4 Kg7 47. Kg5 Rce8 48. f4 Re4 49. c8=Q
Rxc8 50. Qxc8 f6+ 51. Kh4 Rxf4+ 52. Kg3 Rf5 53. Qd8 Rg5+ 54. Kh3 Re5 55.
Kg3 1/2-1/2

[Event "Politiken Cup"]
[Site "Helsingor DEN"]
[Date "2009.07.21"]
[Round "5"]
[White "Bejtovic,J"]
[Black "Flermoen,P"]
[Result "1/2-1/2"]
[WhiteElo "2307"]
[BlackElo "2027"]
[EventDate "2009.07.18"]

1. e4 c5 2. Nf3 Nc6 3. d4 cxd4 4. Nxd4 g6 5. c4 Nf6 6. Nc3 Bg7 7. Be3 O-O
8. Be2 d6 9. O-O Nxd4 10. Bxd4 Bd7 11. Qd2 Bc6 12. f3 Nd7 13. Bf2 a5 14. b3
Nc5 15. Rab1 Qb6 16. a3 Qc7 17. Bd1 Ne6 18. b4 axb4 19. axb4 Ra3 20. Nd5
Qd8 21. Bb3 Bxd5 22. exd5 Nc7 23. Rfc1 Qd7 24. c5 Rfa8 25. c6 Qc8 26. Bb6
Nb5 27. Qd3 bxc6 28. dxc6 Qa6 29. Bf2 Rc8 30. Qe4 e6 31. Bxe6 fxe6 32.
Qxe6+ Kh8 33. c7 Qb7 34. Rc6 Nxc7 35. Qd7 Ra6 36. Rxa6 Qxa6 37. Rc1 Bb2 38.
b5 Qa8 39. b6 Kg8 40. Re1 Bc3 41. bxc7 Bxe1 42. Bd4 Kf8 43. Qxd6+ Kf7 44.
Qd7+ Kf8 45. Bc5+ Kg8 46. Qe6+ Kg7 47. Bd4+ Kf8 48. Qf6+ Ke8 49. Bc5 Bf2+
50. Kxf2 Qa2+ 51. Kg3 Rxc7 52. Qe5+ Kd7 53. Qe7+ Kc8 54. Qe8+ Kb7 55. Qb5+
Kc8 56. Qe8+ Kb7 57. Qe4+ Kc8 58. Bd6 Rc2 59. Kh3 Qc4 60. Qe8+ Kb7 61. Qe7+
Kc6 62. Bg3 h5 63. Qf6+ Kb7 64. Qg7+ Ka8 65. Qa1+ 1/2-1/2

[Event "Politiken Cup"]
[Site "Helsingor DEN"]
[Date "2009.07.21"]
[Round "5"]
[White "Seegert,K"]
[Black "Matthiesen,M"]
[Result "1-0"]
[WhiteElo "2103"]
[BlackElo "2305"]
[EventDate "2009.07.18"]

1. e4 c5 2. Nf3 d6 3. d4 cxd4 4. Nxd4 Nf6 5. Nc3 a6 6. Bg5 e6 7. f4 Qb6 8.
Qd2 Nc6 9. O-O-O Qxd4 10. Qxd4 Nxd4 11. Rxd4 Be7 12. Na4 Bd7 13. Nb6 Rd8
14. Bxf6 Bxf6 15. Rxd6 Bc6 16. Rxd8+ Bxd8 17. Nc4 Bc7 18. e5 b5 19. Nd6+
Ke7 20. Be2 Bb6 21. Kd2 Bxg2 22. Ra1 Bc6 23. a4 bxa4 24. Bxa6 Ra8 25. Nc8+
Kd8 26. Nxb6 Rxa6 27. Nc4 Ra8 28. Nd6 Ke7 29. Rg1 g6 30. Rg3 Rb8 31. Rc3
Kd7 32. Kc1 Bd5 33. Rc5 Ra8 34. Nxf7 Rf8 35. Ng5 Rxf4 36. Nxh7 Bc6 37. Kd2
Kc7 38. Ng5 Kb6 39. Nxe6 Rf2+ 40. Ke3 Rxh2 41. Rc3 Rh3+ 42. Kd4 Rh4+ 43.
Kd3 Bb5+ 44. Ke3 Bc6 45. Nd4 Re4+ 46. Kd3 Bb7 47. e6 Re5 48. Ra3 g5 49. Ra1
Bd5 50. Rxa4 g4 51. Ra1 g3 52. Rg1 g2 53. c4 Be4+ 54. Kc3 Kc5 55. b4+ Kd6
56. c5+ Ke7 57. Kd2 Rh5 58. Ke3 Rh1 59. Kf2 Rh4 60. Rxg2 Bxg2 61. Nf5+ Kxe6
62. Nxh4 Be4 63. Ke3 Kd5 64. Nf3 Bg6 65. Nd4 Kc4 66. c6 Be8 67. b5 Kc5 68.
Ke4 Bh5 69. c7 Bg4 70. Nf5 1-0

[Event "Politiken Cup"]
[Site "Helsingor DEN"]
[Date "2009.07.21"]
[Round "5"]
[White "Guttulsrud,O"]
[Black "Thomassen,J"]
[Result "1/2-1/2"]
[WhiteElo "2030"]
[BlackElo "2300"]
[EventDate "2009.07.18"]

1. e4 c5 2. Nf3 e6 3. d4 cxd4 4. Nxd4 a6 5. Bd3 Bc5 6. Nb3 Be7 7. O-O d6 8.
f4 Nc6 9. a4 b6 10. Nc3 Nf6 11. Qf3 Bb7 12. e5 Nd7 13. exd6 Bxd6 14. Ne4
Be7 15. Qg3 g6 16. Bd2 O-O 17. Bc3 Nc5 18. Nbxc5 bxc5 19. Rad1 Nd4 20. Ng5
e5 21. Nh3 Bh4 22. Qe3 Qd5 23. Rd2 Rae8 24. b3 exf4 25. Qxf4 Ne2+ 26. Rxe2
Rxe2 27. Rf3 Re1+ 28. Bxe1 Bxe1 29. Bc4 Qd7 30. Rf1 Bc3 31. Ng5 Bd5 32. Kh1
Bd4 33. Bxd5 Qxd5 34. Rd1 Qc6 35. Nf3 Bg7 36. Qd6 Qc8 37. Rd5 c4 38. Rc5
Qa8 39. Qc6 cxb3 40. cxb3 Qxc6 41. Rxc6 a5 42. Rc5 Ra8 43. Kg1 Bf8 44. Rc3
Bb4 45. Rd3 Rc8 46. Kf2 Rc2+ 47. Kg3 Kg7 48. Nd4 Rc3 49. Rxc3 Bxc3 50. Ne2
Be5+ 51. Kf3 Kf6 52. h3 Ke6 53. Ke4 f5+ 54. Ke3 Kd5 55. Kd3 f4 56. Ng1 g5
57. Nf3 Bf6 58. Nd2 h5 59. Nc4 Bd8 60. Nd2 Kc5 61. Nf3 Kb4 62. Kc2 Bf6 63.
Ne1 Kc5 64. Nf3 Kb4 65. Ne1 Ka3 66. Nf3 g4 67. hxg4 hxg4 68. Nd2 Kb4 69.
Nc4 Bd4 70. Nd2 f3 71. g3 Be5 72. Ne4 Bb8 73. Nf2 Bxg3 74. Nxg4 Be1 75. Ne3
f2 76. Nf1 Ka3 77. Ne3 Kb4 78. Nf1 Kc5 79. Kd3 Kb4 1/2-1/2

[Event "Politiken Cup"]
[Site "Helsingor DEN"]
[Date "2009.07.21"]
[Round "5"]
[White "Skovgaard,T"]
[Black "Christensen,St"]
[Result "0-1"]
[WhiteElo "1983"]
[BlackElo "2283"]
[EventDate "2009.07.18"]

1. e4 e6 2. d4 d5 3. Nd2 Be7 4. c3 c5 5. exd5 exd5 6. Bb5+ Nc6 7. dxc5 Bxc5
8. Qe2+ Nge7 9. Nb3 Bb6 10. Bg5 f6 11. Bxc6+ bxc6 12. Be3 O-O 13. Nf3 Bxe3
14. Qxe3 Nf5 15. Qd3 Re8+ 16. Kf1 Qb6 17. Kg1 Nd6 18. Re1 Ba6 19. Qd4 Rxe1+
20. Nxe1 Re8 21. Nf3 Re2 22. h4 Rxb2 23. Kh2 Rxa2 24. Nc5 Ra5 25. Qe3 Qxc5
26. Qe6+ Nf7 27. Qe8+ Qf8 28. Re1 h6 29. h5 Qxe8 30. Rxe8+ Kh7 31. Nh4 d4
32. g4 Bd3 33. f4 g6 34. hxg6+ Bxg6 35. f5 Bxf5 36. gxf5 Nd6 37. Re7+ Kg8
38. cxd4 Nxf5 39. Nxf5 Rxf5 40. Rxa7 Rd5 41. Rc7 Rxd4 42. Rxc6 Kg7 43. Kg3
Kg6 44. Rc8 h5 45. Kf3 Kg5 46. Rg8+ Kf5 47. Rh8 Rd3+ 48. Ke2 Rh3 49. Kf2
Kf4 50. Kg2 Rg3+ 51. Kf2 Rg5 52. Rh6 f5 53. Rh8 Kg4 54. Rh7 h4 55. Rh8 h3
56. Ra8 Rh5 57. Rg8+ Kf4 58. Rg1 h2 59. Rh1 Kg4 60. Kg2 f4 61. Kf2 f3 62.
Ke1 Kg3 63. Kf1 Ra5 0-1

[Event "Politiken Cup"]
[Site "Helsingor DEN"]
[Date "2009.07.21"]
[Round "5"]
[White "Christensen,Bo"]
[Black "Andersen,L2 DEN"]
[Result "1-0"]
[WhiteElo "2277"]
[BlackElo "2113"]
[EventDate "2009.07.18"]

1. e4 e6 2. Nf3 d5 3. e5 c5 4. b4 cxb4 5. a3 Qa5 6. Bb2 Nc6 7. Be2 Bd7 8.
axb4 Qxb4 9. Ba3 Qf4 10. Bxf8 Kxf8 11. d4 Nge7 12. c3 f6 13. g3 Qh6 14. Na3
Kf7 15. Nb5 Rhf8 16. Nd6+ Kg8 17. Nxb7 fxe5 18. dxe5 Ng6 19. c4 Ngxe5 20.
Nc5 Nxf3+ 21. Bxf3 Qf6 22. O-O Qxf3 23. Nxd7 Rf5 24. Ra6 Nb4 25. Ra4 Nd3
26. Qxf3 Rxf3 27. cxd5 exd5 28. Rd4 Re8 29. Kg2 Rf7 30. Rxd5 Ree7 31. Rb1
Rxf2+ 32. Kg1 Rb2 33. Rf1 Re1 34. Rxd3 Rxf1+ 35. Kxf1 Rxh2 36. Ra3 h5 37.
Rxa7 Rd2 38. Ne5 Kh7 39. Nf3 Rb2 40. Ra5 Kh6 41. Ra6+ g6 42. Nh4 Rb1+ 43.
Kg2 Rb5 44. Rxg6+ Kh7 45. Ra6 1-0

[Event "Politiken Cup"]
[Site "Helsingor DEN"]
[Date "2009.07.21"]
[Round "5"]
[White "Skovgaard,Pe2"]
[Black "Knudsen,JesW"]
[Result "1-0"]
[WhiteElo "2258"]
[BlackElo "2005"]
[EventDate "2009.07.18"]

1. e4 d5 2. exd5 Nf6 3. d4 Nxd5 4. c4 Nb6 5. Nf3 Bg4 6. h3 Bh5 7. Nc3 e5 8.
c5 N6d7 9. dxe5 Bxc5 10. g4 Bg6 11. Qb3 Nc6 12. Bg5 Qc8 13. O-O-O Bb6 14.
Qd5 Nc5 15. Be3 Nb4 16. Qc4 Qe6 17. Qxb4 1-0

[Event "Politiken Cup"]
[Site "Helsingor DEN"]
[Date "2009.07.21"]
[Round "5"]
[White "Krueger,N"]
[Black "Hess,C1"]
[Result "0-1"]
[WhiteElo "2106"]
[BlackElo "2257"]
[EventDate "2009.07.18"]

1. e4 c6 2. d4 d5 3. exd5 cxd5 4. Bd3 Nc6 5. c3 Qc7 6. h3 Nf6 7. Nf3 g6 8.
Qe2 Bg7 9. O-O O-O 10. Be3 Bf5 11. Nbd2 Rac8 12. Rfe1 Bxd3 13. Qxd3 Nd7 14.
g3 e6 15. Bf4 Qb6 16. Rab1 Qa5 17. a3 a6 18. Ne5 Ncxe5 19. Bxe5 Nxe5 20.
dxe5 Qb6 21. Nf3 Rc4 22. Nd4 Qc7 23. f4 b5 24. Kg2 Rc8 25. Ra1 Qb8 26. Re2
Qb6 27. h4 a5 28. Rd1 Qb7 29. h5 Qb6 30. hxg6 hxg6 31. g4 b4 32. axb4 axb4
33. cxb4 Qxb4 34. f5 Rxd4 35. Qxd4 Rc4 36. Qe3 Rxg4+ 37. Kf1 Qf4+ 38. Qf2
Qa4 39. Qe1 Rf4+ 40. Kg1 Rxf5 41. b4 Bxe5 42. Rb1 Bd4+ 43. Kh1 Qa3 44. Qd1
Qf3+ 45. Rg2 Rh5+ 0-1

[Event "Politiken Cup"]
[Site "Helsingor DEN"]
[Date "2009.07.21"]
[Round "5"]
[White "Rostgaard,T"]
[Black "Gajic,Ml"]
[Result "1-0"]
[WhiteElo "2051"]
[BlackElo "2249"]
[EventDate "2009.07.18"]

1. e4 e6 2. d4 d5 3. Nc3 Nf6 4. e5 Nfd7 5. f4 c5 6. Nf3 Nc6 7. Be3 Be7 8.
Qd2 O-O 9. O-O-O c4 10. f5 b5 11. f6 gxf6 12. Bh6 Re8 13. Qf4 Kh8 14. exf6
Bxf6 15. Nxb5 Rg8 16. Nd6 Qe7 17. g4 e5 18. dxe5 Ndxe5 19. Nxe5 Nxe5 20.
Nxc8 Raxc8 21. g5 Rxg5 22. Kb1 Rg4 23. Qf5 Rb8 24. Bc1 d4 25. Re1 c3 26. b3
Rg6 27. h4 Re8 28. h5 Rg5 29. Bxg5 Bxg5 30. Bd3 f6 31. Rhg1 h6 32. Qe4 Rd8
33. Rgf1 Rd7 34. Ka1 Qa3 35. Rb1 a5 36. Qa8+ Kg7 37. Bf5 Re7 38. Qa6 Nf7
39. Bg6 Nd8 40. Qd3 Nc6 41. Bh7 Ne5 42. Qf5 d3 43. Rfe1 d2 44. Rxe5 Rxe5
45. Qg6+ Kf8 46. Qg8+ Ke7 47. Qg7+ Kd8 48. Qg8+ Kc7 49. Qc4+ Kd6 50. Qa6+
Ke7 51. Qb7+ Kf8 52. Qc8+ Re8 53. Qxc3 Qd6 54. Rd1 f5 55. Kb1 Bf6 56. Qd3
Qe5 57. c3 Rd8 58. Qf3 Rc8 59. Rxd2 a4 60. Bxf5 Rxc3 61. Qa8+ Kg7 1-0

[Event "Politiken Cup"]
[Site "Helsingor DEN"]
[Date "2009.07.21"]
[Round "5"]
[White "Veng,J"]
[Black "Ottosen,P"]
[Result "0-1"]
[WhiteElo "2243"]
[BlackElo "2087"]
[EventDate "2009.07.18"]

1. e4 c6 2. c4 d5 3. cxd5 cxd5 4. exd5 Nf6 5. Nc3 Nxd5 6. Nf3 Nc6 7. Bb5 e6
8. d4 Bb4 9. O-O Nxc3 10. bxc3 Bxc3 11. Rb1 O-O 12. Bxc6 bxc6 13. Qd3 Ba5
14. Ba3 Re8 15. Ne5 Qd5 16. Rfc1 Bb6 17. Bc5 Bc7 18. Ng4 Bf4 19. Ne3 Qh5
20. g3 Bc7 21. f4 a5 22. Qe4 Ra6 23. Nc4 e5 24. dxe5 Bf5 25. Qg2 Bxb1 26.
Rxb1 Rd8 27. Bd6 Bxd6 28. Nxd6 h6 29. g4 Qg6 30. Ne4 c5 31. f5 Qc6 32. h3
Rd4 33. Rb8+ Kh7 34. Nd6 Qa4 35. Rb1 Rd1+ 36. Rxd1 Qxd1+ 37. Qf1 Qd4+ 38.
Kh1 Rb6 39. g5 Qd5+ 40. Qg2 Rb1+ 0-1

[Event "Politiken Cup"]
[Site "Helsingor DEN"]
[Date "2009.07.21"]
[Round "5"]
[White "Jonsson,L"]
[Black "Kovachev,D"]
[Result "0-1"]
[WhiteElo "2082"]
[BlackElo "2240"]
[EventDate "2009.07.18"]

1. d4 Nf6 2. Nf3 e6 3. Bg5 h6 4. Bh4 c5 5. e3 cxd4 6. exd4 b6 7. Bd3 Bb7 8.
O-O Be7 9. Qe2 O-O 10. c3 d6 11. Nbd2 Nbd7 12. Rad1 Re8 13. Bg3 Nh5 14. Bc2
Nxg3 15. hxg3 Bf8 16. Qd3 g6 17. Nh4 Bg7 18. f4 Nf6 19. Nhf3 Qc8 20. Nh2
Ba6 21. c4 d5 22. Bb3 dxc4 23. Bxc4 Bxc4 24. Nxc4 Rd8 25. Ne5 Qb7 26. Rfe1
Rd6 27. Nhf3 Rad8 28. Qe2 Nd5 29. a3 b5 30. Qe4 Qb6 31. Kh1 Ne7 32. g4 Nc6
33. Nxc6 Qxc6 34. Qxc6 Rxc6 35. Rd2 a5 36. Kg1 a4 37. Kf2 b4 38. Ne5 Rcd6
39. Ke3 bxa3 40. bxa3 Rb6 41. Rd3 Rc8 42. Nd7 Rb2 43. Re2 Rxe2+ 44. Kxe2
Rc2+ 45. Kf3 Rc7 46. Nc5 Ra7 47. Ke3 Bf8 48. Rc3 Bd6 49. g3 Kf8 50. Kd3 g5
51. fxg5 hxg5 52. Kc4 e5 53. dxe5 Bxe5 54. Rd3 Kg7 55. Kb5 Kg6 56. Rf3 Bc7
57. Nxa4 Ra5+ 58. Kb4 Re5 59. Nc3 Bd6+ 60. Kb3 f5 61. gxf5+ Rxf5 62. Rd3
Bb8 63. Nd5 Rf2 64. g4 Rg2 65. Rd4 Kf7 66. Re4 Rg3+ 67. Ka4 Bd6 68. Ne3 Bf4
69. Nf5 Rg1 70. Kb5 Kf6 71. Nh6 Rh1 72. Nf5 Rg1 73. Ne3 Kg6 74. a4 Re1 75.
a5 Rxe3 76. Rc4 Rb3+ 77. Kc6 Ra3 78. Kb5 Kf6 79. Rc5 Bd2 80. Rc6+ Ke5 81.
a6 Kf4 82. Rc4+ Kf3 83. Kb6 Bf4 84. Kb7 Be3 85. Rb4 Kg3 86. Re4 Kf3 87. Rc4
Ra1 88. Rc3 Ra4 89. Rb3 Re4 90. Kc7 Kxg4 91. Ra3 Kf4 92. Kd6 Rd4+ 93. Kc7
Rc4+ 94. Kb7 Re4 95. Kc6 Re7 96. Kd6 Ra7 97. Ra4+ Kf3 98. Ke5 g4 0-1

[Event "Politiken Cup"]
[Site "Helsingor DEN"]
[Date "2009.07.21"]
[Round "5"]
[White "Ostlund,A"]
[Black "Solberg,J"]
[Result "0-1"]
[WhiteElo "2067"]
[BlackElo "2222"]
[EventDate "2009.07.18"]

1. e4 e6 2. Nf3 c5 3. c3 d5 4. exd5 Qxd5 5. d4 Nc6 6. Be3 cxd4 7. cxd4 Nf6
8. Nc3 Qd8 9. Bd3 Be7 10. O-O O-O 11. a3 b6 12. Qc2 Bb7 13. Rad1 Rc8 14.
Rfe1 g6 15. Qe2 Ng4 16. Bf4 Nf6 17. Be3 Nd5 18. Nxd5 Qxd5 19. b4 Nb8 20.
Bh6 Rfd8 21. Rc1 Qh5 22. Qe3 Bxf3 23. gxf3 g5 24. d5 Qxh6 25. Rxc8 Rxc8 26.
Bf5 Qf6 27. Bg4 Rc3 28. Qd2 Rxa3 29. dxe6 Ra1 30. exf7+ Kxf7 31. Kg2 Rxe1
32. Qxe1 Nc6 33. b5 Ne5 34. Bh5+ Kg7 35. Qa1 Kh6 36. f4 gxf4 0-1

[Event "Politiken Cup"]
[Site "Helsingor DEN"]
[Date "2009.07.21"]
[Round "5"]
[White "Helin,M"]
[Black "Kvisla,J"]
[Result "1-0"]
[WhiteElo "1973"]
[BlackElo "2222"]
[EventDate "2009.07.18"]

1. e4 c5 2. Nc3 Nc6 3. g3 g6 4. Bg2 Bg7 5. d3 d6 6. h3 e6 7. Be3 Nge7 8.
Qd2 Nd4 9. Nd1 h6 10. c3 Ndc6 11. f4 Qa5 12. Ne2 Bd7 13. O-O f5 14. Nf2 O-O
15. a3 Qc7 16. b4 b6 17. Rad1 Rad8 18. g4 a5 19. b5 Nb8 20. a4 d5 21. e5
Be8 22. d4 Nd7 23. Rc1 c4 24. Ng3 Rf7 25. Kh1 Nf8 26. h4 fxg4 27. Nxg4 Nf5
28. Nxf5 Rxf5 29. Nf6+ Bxf6 30. exf6 Rxf6 31. f5 Rxf5 32. Bxh6 Qg3 33. Bg5
Rd7 34. Rxf5 gxf5 35. Re1 Bh5 36. Re3 Qd6 37. Qf2 Ng6 38. Qe1 Kf7 39. Bh3
Ne7 40. Qf2 Ke8 41. Bf4 Qa3 42. Rxe6 Qxc3 43. Re3 Qc1+ 44. Kh2 Qb1 45. Bg5
Kf8 46. Bh6+ Kf7 47. Qg3 Ng6 48. Re5 Qc2+ 49. Kg1 Qd1+ 50. Kh2 Qc2+ 51. Kg1
Qb1+ 52. Kh2 Qb2+ 53. Kh1 Qb1+ 54. Kh2 f4 55. Be6+ Ke8 56. Bxd7+ Kxd7 57.
Qh3+ Kc7 58. Rxh5 Qc2+ 59. Qg2 Qxg2+ 60. Kxg2 c3 61. Rg5 Nxh4+ 62. Kh3 Nf3
63. Rg7+ Kd8 64. Bxf4 Nxd4 65. Be3 c2 66. Rg5 Ne2 67. Bxb6+ Ke8 68. Be3 d4
69. Bd2 c1=Q 70. Bxc1 Nxc1 71. Rd5 Ne2 72. Re5+ 1-0

[Event "Politiken Cup"]
[Site "Helsingor DEN"]
[Date "2009.07.21"]
[Round "5"]
[White "Johansson,Th1"]
[Black "Pedersen,JanK"]
[Result "1-0"]
[WhiteElo "2208"]
[BlackElo "2065"]
[EventDate "2009.07.18"]

1. e4 d5 2. exd5 Nf6 3. Bb5+ Bd7 4. Be2 Nxd5 5. d4 c5 6. Bf3 Bf5 7. a3 cxd4
8. c4 Nf6 9. Bxb7 Nbd7 10. Bxa8 Qxa8 11. Nf3 e5 12. O-O Bd6 13. Nh4 Bg6 14.
b4 Qb8 15. c5 Bc7 16. Bg5 Bh5 17. Qe1 Nd5 18. Qe4 h6 19. Qxd5 hxg5 20. Nf5
Nf6 21. Qc6+ Kf8 22. Nd2 Bg4 23. Ng3 Bd7 24. Qf3 g4 25. Qe2 Bb5 26. Nc4 e4
27. a4 d3 28. Qa2 Bc6 29. Ne3 Nh5 30. b5 Bd7 31. b6 axb6 32. cxb6 Bd6 33.
a5 Be6 34. Qb2 Nxg3 35. fxg3 Bxg3 36. hxg3 Qxg3 37. Qd4 Rh1+ 38. Kxh1 Qh4+
39. Kg1 g3 40. Ng4 Bxg4 41. Qd6+ Kg8 42. Qxg3 Qxg3 43. b7 Bh3 44. Ra2 Be6
45. Rb2 Qe3+ 46. Rbf2 Qa7 47. Rb1 Qb8 48. a6 e3 49. Rfb2 e2 50. Kh1 Bc4 51.
a7 Qxa7 52. b8=Q+ Qxb8 53. Rxb8+ Kh7 54. Rd8 1-0

[Event "Politiken Cup"]
[Site "Helsingor DEN"]
[Date "2009.07.21"]
[Round "5"]
[White "Strand,H"]
[Black "Jorgensen,D"]
[Result "1/2-1/2"]
[WhiteElo "2062"]
[BlackElo "2207"]
[EventDate "2009.07.18"]

1. e4 c6 2. d4 d5 3. f3 e6 4. Nc3 Bb4 5. Be2 Nf6 6. e5 Nfd7 7. f4 c5 8. Nf3
Nc6 9. Be3 Qa5 10. Qd2 cxd4 11. Nxd4 Nc5 12. Bd3 Na4 13. Nb3 Bxc3 14. Nxa5
Bxd2+ 15. Bxd2 Nxa5 16. Bb5+ Bd7 17. Bxa4 Bxa4 18. Bxa5 Bxc2 19. Rc1 Be4
20. Rc7 O-O 21. O-O d4 22. Rd7 Bd5 23. Rd1 Rfc8 24. Rxd4 Rc2 25. Rd2 Rxd2
26. Bxd2 Rc8 27. Bc3 h5 28. g3 h4 29. a3 Rc4 30. Kf2 hxg3+ 1/2-1/2

[Event "Politiken Cup"]
[Site "Helsingor DEN"]
[Date "2009.07.21"]
[Round "5"]
[White "Akdag,D"]
[Black "Sorensen,S"]
[Result "1-0"]
[WhiteElo "2198"]
[BlackElo "2000"]
[EventDate "2009.07.18"]

1. d4 d5 2. c4 e6 3. Nc3 Nf6 4. cxd5 exd5 5. Bg5 Be7 6. Qc2 h6 7. Bf4 c6 8.
e3 Nbd7 9. Bd3 Nb6 10. Nf3 Be6 11. h3 Rc8 12. g4 Bd6 13. Ne5 Qc7 14. Rg1 g5
15. Bg3 c5 16. Nb5 Qe7 17. Nxd6+ 1-0

[Event "Politiken Cup"]
[Site "Helsingor DEN"]
[Date "2009.07.21"]
[Round "5"]
[White "Nguyen,Mi"]
[Black "Jensen,SorenH"]
[Result "1-0"]
[WhiteElo "2196"]
[BlackElo "2054"]
[EventDate "2009.07.18"]

1. d4 d5 2. c4 e6 3. Nf3 Nf6 4. g3 dxc4 5. Bg2 Nc6 6. Qa4 Bb4+ 7. Bd2 Nd5
8. Bxb4 Ndxb4 9. O-O Rb8 10. Na3 Bd7 11. Qb5 Nd5 12. Qxc4 O-O 13. Qc2 Nb6
14. Rfd1 Ne7 15. Ne5 f6 16. Nxd7 Qxd7 17. Rac1 c6 18. Nb1 Rfe8 19. Nc3 Ned5
20. Ne4 Qe7 21. a3 e5 22. dxe5 Qxe5 23. e3 Nd7 24. Nd2 N7b6 25. Nb3 Kh8 26.
Nc5 Qe7 27. Qb3 Red8 28. Bh3 Nc7 29. Rxd8+ Qxd8 30. a4 Qd5 31. Qxd5 Nbxd5
32. e4 Ne7 33. Rd1 b6 34. Rd7 bxc5 35. Rxe7 Ne8 36. Bd7 Nd6 37. Bxc6 a5 38.
Bd5 h5 39. Rd7 Ne8 40. b3 Kh7 41. f3 Rc8 42. Kf2 Kg6 43. Ke3 f5 44. e5 Kg5
45. h4+ Kg6 46. f4 1-0

[Event "Politiken Cup"]
[Site "Helsingor DEN"]
[Date "2009.07.21"]
[Round "5"]
[White "Hobber,A"]
[Black "Tadjerbashi,A"]
[Result "1/2-1/2"]
[WhiteElo "2042"]
[BlackElo "2193"]
[EventDate "2009.07.18"]

1. d4 Nf6 2. Nf3 g6 3. Bf4 Bg7 4. Nc3 d5 5. Qd2 h6 6. O-O-O g5 7. Be5 Bf5
8. h4 g4 9. Qf4 Qd7 10. Bxf6 exf6 11. Nd2 h5 12. e4 dxe4 13. Ncxe4 Kf8 14.
Nc5 Qc8 15. Bd3 Bxd3 16. Nxd3 Nc6 17. d5 Ne5 18. Nxe5 fxe5 19. Qb4+ 1/2-1/2

[Event "Politiken Cup"]
[Site "Helsingor DEN"]
[Date "2009.07.21"]
[Round "5"]
[White "Ask,J"]
[Black "Larsen,Andr"]
[Result "1-0"]
[WhiteElo "2191"]
[BlackElo "1968"]
[EventDate "2009.07.18"]

1. d4 Nf6 2. Nf3 d5 3. c4 e6 4. Nc3 Bb4 5. Bg5 h6 6. Bxf6 Qxf6 7. Qa4+ Nc6
8. e3 O-O 9. Bd3 dxc4 10. Bxc4 e5 11. O-O Bxc3 12. bxc3 Bg4 13. Bd5 Rad8
14. Bxc6 bxc6 15. Nxe5 1-0

[Event "Politiken Cup"]
[Site "Helsingor DEN"]
[Date "2009.07.21"]
[Round "5"]
[White "Vaarala,E"]
[Black "Sinkbaek,A"]
[Result "1/2-1/2"]
[WhiteElo "1964"]
[BlackElo "2186"]
[EventDate "2009.07.18"]

1. d4 Nf6 2. c4 g6 3. Nc3 Bg7 4. e4 d6 5. Be2 O-O 6. Bg5 c5 7. d5 h6 8. Bh4
e5 9. dxe6 Bxe6 10. Qd2 Nc6 11. Nf3 Qe7 12. O-O Rfd8 13. Nd5 Bxd5 14. exd5
Ne5 15. Nxe5 Qxe5 16. Bf3 Qf5 17. Bxf6 Qxf6 18. Rab1 Re8 19. b3 Re7 20.
Rfe1 Rae8 21. Rxe7 Qxe7 22. Kf1 Kf8 23. Re1 Qxe1+ 24. Qxe1 Rxe1+ 25. Kxe1
Ke7 26. Ke2 Kf6 27. g3 Ke5 28. Kd3 Kf6 1/2-1/2